00480nam a2200181 a 4500001001300000003000900013005001700022008004100039020000800080082001400088100001600102245008000118260003300198300000900231500003500240505001000275650001300285nice12345678IN_TiNIC20260116011504.0050524s1958 cola grp 000 0 eng  ac500a230bHAL1 aHalverson,  aHandbook of Christian Theologyb Essential Information for Every Christian. aCollinsbFantana Booksc1958 a382p aincludes index and biblioraphy2 anotes aTheology